000 01062nam a2200337 a 4500
001 58819
003 BD-RjUL
005 20211209080648.0
008 161220s1981 mau 001 0 eng
035 _a(OCoLC)7499715
035 _a(OCoLC)ocm07499715
035 _a(CStRLIN)NYCG83-B32475
035 _a(BD-RjUL)58943
035 _a(NNC)157567
040 _dCStRLIN
_aBD-RjUL
_beng
_cBD-RjUL
041 _aeng
082 0 _a346.73045
_223
_bELL 1981
090 _aKF5698.A4
_bE4
100 1 _aEllickson, Robert C.
_9174872
245 1 0 _aLand-use controls :
_bcases and materials /
_cRobert C. Ellickson, A. Dan Tarlock.
260 _aBoston :
_bLittle, Brown,
_cc1981.
300 _axli, 1093 p. ;
_c24 cm.
490 1 _aLaw school casebook series
500 _aKept up to date by supplements.
500 _aIncludes indexes.
650 0 _aLand use
_xLaw and legislation
_zUnited States
_vCases.
_9174873
700 1 _aTarlock, A. Dan,
_d1940-
_9174874
830 0 _aLaw school casebook series.
_9174880
942 _2ddc
_cBK
999 _c58819
_d58819